| 000 | 00452nam a2200181Ia 4500 | ||
|---|---|---|---|
| 003 | GCL | ||
| 008 | 140319s9999 xx 000 0 eng d | ||
| 040 |
_aGCL / _cGCL |
||
| 082 | 0 | 4 |
_a892.76 _bG Z |
| 100 | 1 | _aGHITANY, GAMAL | |
| 245 | 1 | 0 |
_aZYANI BARAKAT / _cGHITANY, GAMAL |
| 260 |
_a[S.N] : _bEDITIONS DU SEUIL ، _c1985 |
||
| 300 | _a317 P | ||
| 650 | 0 | 4 | _aLITERATURE |
| 650 | 0 | 4 | _aARABIC LITERATURE |
| 650 | 0 | 4 | _aARABIC FICTION |
| 942 |
_2ddc _cBK |
||
| 999 |
_c13959 _d13959 |
||